| 000 | 00615cam a2200205 a 4500 | ||
|---|---|---|---|
| 020 | _a0421230509 | ||
| 020 | _a0421230606 (pbk.) | ||
| 082 | 0 | 0 |
_a346.03 _bHEU _cD |
| 100 | 1 |
_aHeuston, R. F. V. _937852 |
|
| 245 | 1 | 0 | _aSalmond on the law of torts. |
| 250 | _a17th ed. / | ||
| 260 |
_aLondon : _bSweet & Maxwell, _c1977. |
||
| 300 |
_axc, 629 p. ; _c26 cm. |
||
| 500 | _aSpine title: Salmond on torts. | ||
| 500 | _aTitle on added t.p.: The law of torts. | ||
| 526 |
_a0 _b0 _c0 _d346_030000000000000_HEU |
||
| 650 | 0 |
_aTorts _zGreat Britain. _937853 |
|
| 700 | 1 |
_aSalmond, John William, _937854 |
|
| 942 |
_2ddc _cBK |
||
| 999 |
_c542612 _d542612 |
||